Sanat - "Markun jouluaamu" - Statistics

Yleistilastot
  • Tätä visaa on pelattu 11 kertaa
    8 viimeisimmän päivityksen jälkeen
  • Keskiarvotulos 40 / 102
Vastaustilastot
Vastaus % Oikein
jo
83%
67%
Markku
67%
markku
67%
on
67%
aamu
50%
aina
50%
en
50%
hevonen
50%
Isi
50%
isi
50%
joudu
50%
joulukirkkoon
50%
kuljetkaan
50%
kuule
50%
liene
50%
lumi
50%
missä
50%
se
50%
sitten
50%
vain
50%
aamuun
33%
aikaa
33%
ajaa
33%
alla
33%
anna
33%
edellemme
33%
eipä
33%
ennustaa
33%
hiljaisena
33%
humma
33%
idän
33%
jalaksissa
33%
joulurauhaa
33%
julistaa
33%
kaikaa
33%
karhuntaljaa
33%
katso
33%
kellot
33%
kiiruhtaa
33%
kilpa-ajo
33%
kirkkotiellä
33%
kirkkotietä
33%
koita
33%
koittaa
33%
kuinka
33%
kulta
33%
kuulee
33%
kuulemaan
33%
Kuuset
33%
kuusikon
33%
lumivaipassansa
33%
luontokin
33%
malta
33%
matkaan
33%
mielees
33%
mua
33%
mutta
33%
narskaa
33%
niin
33%
no
33%
odottaa
33%
paina
33%
pakkasta
33%
palelee
33%
pieni
33%
pohjantähti
33%
pyhää
33%
rauhan
33%
reunustaa
33%
riennä
33%
sanaa
33%
sanomaa
33%
soittaa
33%
sopivaa
33%
tahdo
33%
taittuu
33%
taival
33%
taivas
33%
takaa
33%
tarkenee
33%
tiuut
33%
toisethan
33%
tottelee
33%
tuikkii
33%
tyttöjä
33%
vaalenee
33%
vähän
33%
vällyn
33%
vielä
33%
Ehtoja vastaavia visoja ei löytynyt
Tulosjakauma
Jokaisen tuloksen saaneiden osuus
Persentiili vastausten määrän mukaan
Tuloshistoriasi
Et ole pelannut tätä visaa sen viimeisimmän päivityksen jälkeen